000 01657nam a22004457a 4500
001 000102508
003 CHAP
005 20220329143606.0
008 100802s2010 mx r 00010 spa d
010 _a98971
011 _a99943
035 _a110629
040 _cCHAP
090 _aTesis
100 1 _aVallejo García, Luz Cristina.
_9117639
245 1 0 _aInstalación de una empacadora de pitaya (Stenocereus sp.) en Acatlán de Osorio, Puebla /
_c/por Luz Cristina Vallejo García.
260 _aChapingo, Méx. :
_bEl autor,
_c2010.
300 _axv, 154 h. :
_bilus., cuadros, gráfs., mapas.
502 _aTesis (Ing. Agroindustrial) -- UACH. Departamento de Ingenieria Agroindustrial
590 _aALEPH
_b10
_c20130110
_lUCH01
_h1535
590 _aBATCH-UPD
_b10
_c20130110
_lUCH01
_h0927
590 _aBATCH-UPD
_b10
_c20130410
_lUCH01
_h0547
590 _aBATCH-UPD
_b10
_c20130914
_lUCH01
_h0806
590 _aBATCH-UPD
_b10
_c20140324
_lUCH01
_h1518
590 _aBATCH-UPD
_b10
_c20141002
_lUCH01
_h0844
590 _aCONVERSION
_b10
_c20130109
_lUCH01
_h1355
590 _aE12093SGE
_b10
_c20130718
_lUCH01
_h1001
650 1 4 _aCactáceas
_zPuebla.
_917025
650 1 4 _aConstrucción.
_927383
650 1 4 _aEmpacadoras.
_936537
650 1 4 _aFruta
_xMercadeo.
_943633
650 1 4 _aProyectos
_xEvaluación.
_992525
650 1 4 _aStenocereus.
_9109642
856 _3Finding aid
_uhttp://10.13.5.2/tesis/110629.pdf
_zTeclea aquí
901 _aBK
942 _cFOLL
942 _n0
949 _aTesis
_bBC
_cTES
_d33724002171819
_eTS1
_gDonaciØn
_h50894
_i110629
_st
949 _aTesis
_bBC
_cTES
_d33724002171850
_eTS2
_fc.2
_gDonaciØn
_h50895
_i110629
_st
999 _c98971
_d98971